000 00402nam a2200145 4500
999 _c746
_d746
008 191209b ||||| |||| 00| 0 eng d
082 0 0 _a623.81
_bR828
100 _9276
_aRossel, Henry
245 1 0 _aPrinciples of Naval Architecture
_cby Henry Rossel
260 _aNew York
_bSNAME
_c1949
300 _axii, 291 p.
650 0 _aNaval Architecture
700 _9197
_aChapman, Lawrence B.
942 _2ddc
_cBK